| 000 | 00801nam a2200205 i 4500 | ||
|---|---|---|---|
| 001 | 81827 | ||
| 003 | ES-MaACL | ||
| 005 | 20231228063207.0 | ||
| 007 | t| | ||
| 008 | 041108s1908 sp b |||| | spa d | ||
| 100 | 1 |
_aIbáñez Marín, José, _d1862-1909 _964933 |
|
| 245 | 1 | 0 |
_aBibliografía de la Guerra de la Independencia / _cJosé Ibáñez Marín. |
| 260 |
_aMadrid : _b[s.n., _c1908] ( _fImp. de la Revista Técnica de Infantería y Caballería) |
||
| 300 |
_a80 p. ; _c28 cm. |
||
| 530 | _aDisponible en formato digital. | ||
| 651 | 4 |
_aEspaña- _xHistoria- _y1808-1814, Guerra de la Independencia- _vBibliografías. _9141271 |
|
| 852 |
_aES-MaACL _jT-671-F-10 |
||
| 856 |
_uhttp://bdh-rd.bne.es/viewer.vm?id=0000247240&page=1 _zBiblioteca Digital Hispánica |
||
| 999 |
_c81827 _d81827 |
||